Sentir y pensar : proyecto de educación emocional /
Un proyecto de educación emocional para toda la Educación Primaria que tiene como finalidad que los alumnos desarrollen habilidades para resolver conflictos relacionadas con los sentimientos y las emociones. Con actividades sencillas y muy fáciles de llevar a la práctica organizadas en torno a bloqu...
Guardado en:
| Autor Principal: | |
|---|---|
| Otros Autores: | |
| Formato: | Libro |
| Idioma: | Undetermined |
| Publicado: |
Buenos Aires :
SM,
2017.
|
| Edición: | 1a ed. |
| Materias: | |
| Etiquetas: |
Agregar Etiqueta
Sin Etiquetas, Sea el primero en etiquetar este registro!
|
| LEADER | 01552nam a22002535a 4500 | ||
|---|---|---|---|
| 001 | CEM.cems021305 | ||
| 008 | 240711s2017####ag############000#0#und#d | ||
| 005 | 20240711190543.0 | ||
| 245 | 1 | 0 | |a Sentir y pensar : |b proyecto de educación emocional / |c Coordinado por Élia López y Rafael Bisquerra. |
| 250 | |a 1a ed. | ||
| 260 | |a Buenos Aires : |b SM, |c 2017. | ||
| 300 | |a 80 p. | ||
| 520 | |a Un proyecto de educación emocional para toda la Educación Primaria que tiene como finalidad que los alumnos desarrollen habilidades para resolver conflictos relacionadas con los sentimientos y las emociones. Con actividades sencillas y muy fáciles de llevar a la práctica organizadas en torno a bloques de contenidos: conciencia emocional; competencias para la vida y el bienestar; autonomía emocional; regulación emocional y competencia social. | ||
| 020 | |a 9789877315370 | ||
| 100 | 1 | |a López, Élia. | |
| 700 | 1 | |a Bisquerra, Rafael. | |
| 653 | |a Educación emocional | ||
| 859 | |a CEMS |b BIB. CEMS - Inicial y Primaria |h 370.153 |i L881 |k IP |p 6204 |t Ej.1 |3 1 | ||
| 859 | |a CEMS |b BIB. CEMS - Inicial y Primaria |h 370.153 |i L881 |k IP |p 6205 |t Ej.1 |3 2 | ||
| 859 | |a CEMS |b BIB. CEMS - Inicial y Primaria |h 370.153 |i L881 |k IP |p 6206 |t Ej.1 |3 3 | ||
| 859 | |a CEMS |b BIB. CEMS - Inicial y Primaria |h 370.153 |i L881 |k IP |p 6207 |t Ej.1 |3 4 | ||
| 859 | |a CEMS |b BIB. CEMS - Inicial y Primaria |h 370.153 |i L881 |k IP |p 6208 |t Ej.1 |3 5 | ||
| 859 | |a CEMS |b BIB. CEMS - Inicial y Primaria |h 370.153 |i L881 |k IP |p 6209 |t Ej.1 |3 6 | ||
| 859 | |a CEMS |b BIB. CEMS - Inicial y Primaria |h 370.153 |i L881 |k IP |p 6210 |t Ej.1 |3 7 | ||
